000
00203 a2200097 4500
001
3801
100
_a
Trantex, C.J
245
_a
Facts of life for teenagers
260
_a
_b
Arco
_c
090
_c
3035
_d
3035
942
_a
NUST-CAE
_c
M
_c
22614
999
_c
238874
_d
238874